Guess The Brand! #35 - Statistics

General Stats
  • This quiz has been taken 30 times
  • The average score is 19 of 50
Answer Stats
Picture Answer % Correct
Geely
78%
Bitburger
67%
Samsung Galaxy
67%
Jenga
63%
Kuka
63%
Facetime
59%
Lord Of The Rings
59%
UHU
59%
Chopard
56%
Wisk
56%
Cracker Jack
52%
AVM
48%
Cambridge
48%
Joeys Pizza
48%
Siri
44%
Counter Strike
41%
Golden Corral
41%
Natwest
41%
Pier 1 Imports
41%
Playskool
41%
Scania
41%
Capcom
37%
CNBC
37%
Greyhound
37%
Hampton Inn
37%
Howard Johnson
37%
Skullcandy
37%
Ticketmaster
37%
Wechat
37%
Fisher Price
33%
Greatwall
33%
Parker
33%
Grundig
30%
Mad Men
30%
Castelli
26%
Google Play Books
26%
Kate Spade
26%
Kayak
26%
Saxo Bank
26%
Baby Einsteins
22%
Baylor Bears
22%
Fortune
22%
Ironman
22%
Olmeca
22%
Thundercats
22%
Cortana
19%
Fairline
19%
GI Joe
19%
Google Glass
19%
Portugalia
19%
No matching quizzes found
Score Distribution
Percent of People with Each Score
Percentile by Number Answered
Your Score History
You have not taken this quiz